Culture générale et populaire #1 - Statistiques

Statistiques générales
  • Ce quiz a été pris 375 fois
  • Le résultat moyen est 6 sur 15
Statistiques - réponses
Question Réponse % Correct
1. Quel animal est à l'oeuvre dans le film Disney Dumbo ? Un éléphant
96%
2. De quelle nationalité est le tennisman Novak Djokovic ? Serbe
76%
5. Quelle série Netflix diffusant des épisodes sans continuité entre eux représente pour chacun d'eux une vision dystopique de l'avancée de la technologie ? Black Mirror
75%
6. Quel film d'horreur adapté d'un roman de Stephen King ne doit pas regarder un individu étant "coulrophobe" ? ça
64%
3. De quel pays proviennent les pâtes ? La Chine
64%
4. Quel membre des Beatles, toujours en vie aujourd'hui, est, selon un complot, censé avoir été tué dans un accident de voiture en 1966 ? Paul McCartney
54%
9. Quelle est la capitale du Liechtenstein ? Vaduz
34%
8. Comment se nomme l'émission télévisée animée par Estelle Denis dans laquelle des personnalités doivent réaliser le meilleur plongeon possible ? Splash : Le Grand plongeon
31%
12. En 1972 lors des Jeux Olympiques, dans quelle ville s'est déroulée la prise d'otage d'athlètes israéliens par des membres d'une organisation terroriste palestinienne nommée "Septembre Noir" ? Munich
27%
15. En quelle année a eu lieu la première émission du jeu télévisé "Interville" ? 1962
21%
10. Dans la saga Star Wars, comment se nomme le mentor d'Obi-Wan Kenobi interprété par Liam Neeson, apparaissant dans " La menace Fantôme"? Qui-Gon-Jinn
20%
14. Quel est le nom de l'humoriste hispanique devenu un mème internet mondial et l'idole du forum 18-25 du site jeux-vidéos.com à la suite à un fou rire lors d'une émission télévisée ? El Risitas
13%
13. Dans quelle équipe française jouait le basketteur Victor Wenbanyama avant de rejoindre la NBA ? Levallois Metropolitans
10%
7. Comment se traduit le mot "dinde" en allemand ? Pute
8%
11. Comment se nomme le modèle du ballon de la Coupe du monde 2010 de football ? Jabulani
6%
Aucun quiz correspondant
Distribution des résultats
% des personnes avec chaque résultat
Percentile par nombre de réponses
Votre historique - résultats
Vous n’avez pas pris ce quiz